| 000 | 00414nam a2200157Ia 4500 | ||
|---|---|---|---|
| 008 | 220204s9999 xx 000 0 und d | ||
| 082 |
_a638.1(213) _bFAO |
||
| 245 | 0 | _aTropical and sub-tropical apiculture | |
| 260 |
_aRome _bFAO _c1986 |
||
| 490 | _aFAO agricultural services bulletin 68 | ||
| 650 | _aBee diseases | ||
| 650 | _aBeekeeping | ||
| 650 | _aHive products | ||
| 650 | _aHoney-hunting | ||
| 942 | _cBK | ||
| 999 |
_c40902 _d40902 |
||